អាហ្នឹង របស់ខ្ញុំ! / (Record no. 1260)
[ view plain ]
| 000 -LEADER | |
|---|---|
| fixed length control field | 01615nam a22002897a 4500 |
| 005 - DATE AND TIME OF LATEST TRANSACTION | |
| control field | 20230809153814.0 |
| 020 ## - INTERNATIONAL STANDARD BOOK NUMBER | |
| International Standard Book Number | 9789924340522 |
| 040 ## - CATALOGING SOURCE | |
| Original cataloging agency | FISKH |
| Language of cataloging | eng |
| Transcribing agency | FISKH |
| Modifying agency | FISKH |
| 082 ## - DEWEY DECIMAL CLASSIFICATION NUMBER | |
| Classification number | 591.7 |
| 100 ## - MAIN ENTRY--PERSONAL NAME | |
| Personal name | Zeveren, Michel Van |
| 245 ## - TITLE STATEMENT | |
| Title | អាហ្នឹង របស់ខ្ញុំ! / |
| Statement of responsibility, etc. | និពន្ធ និងគូររូបដោយ មីសែល វ៉ាន់ហ្សេវឺរិន ; បកប្រែពីភាសាបារាំងដោយ អ៊ូច សូដានី |
| 250 ## - EDITION STATEMENT | |
| Edition statement | បោះពូម្ពលើកទី ៤ កុម្ភៈ ២០២២ |
| 260 ## - PUBLICATION, DISTRIBUTION, ETC. | |
| Place of publication, distribution, etc. | Phnom Penh : |
| Name of publisher, distributor, etc. | Sipar, |
| Date of publication, distribution, etc. | 2022. |
| 300 ## - PHYSICAL DESCRIPTION | |
| Extent | 28 pages : |
| Other physical details | color illustrations ; |
| Dimensions | 27 cm |
| 490 ## - SERIES STATEMENT | |
| Series statement | តស់អាន! |
| 505 ## - FORMATTED CONTENTS NOTE | |
| Formatted contents note | K <br/> |
| 520 ## - SUMMARY, ETC. | |
| Summary, etc. | កង្កែបបានឃើញស៊ុតមួយ ចំណែកឯ ពស់ ឥន្ទ្រី និងត្រកួតយក្ស បានមកដណ្ដើមស៊ុតនោះរៀងៗខ្លួន។ ក្រោយមក ស៊ុតនោះក៏បានញ័សក្លាយជាសត្វក្រពើរ។ |
| 520 ## - SUMMARY, ETC. | |
| Summary, etc. | The frog saw an egg, while the serpent, the eagle, and the giant came to grab the egg, respectively. The egg later hatched into a crocodile. |
| 521 ## - TARGET AUDIENCE NOTE | |
| Target audience note | 510 <br/> |
| Source | Lexile estimate |
| 521 ## - TARGET AUDIENCE NOTE | |
| Target audience note | K <br/> |
| Source | Raz-Plus <br/> |
| 650 ## - SUBJECT ADDED ENTRY--TOPICAL TERM | |
| Source of heading or term | Egg |
| Form subdivision | Grab |
| General subdivision | Animals |
| 650 ## - SUBJECT ADDED ENTRY--TOPICAL TERM | |
| Source of heading or term | ពង |
| Form subdivision | ដណ្ដើម |
| General subdivision | សត្វ |
| 700 ## - ADDED ENTRY--PERSONAL NAME | |
| Personal name | Zeveren, Michel Van |
| Titles and other words associated with a name | illustrator |
| 942 ## - ADDED ENTRY ELEMENTS (KOHA) | |
| Source of classification or shelving scheme | Dewey Decimal Classification |
| Koha item type | Books |
| Suppress in OPAC | No |
| 999 ## - | |
| -- | 1260 |
| -- | 1260 |
| Withdrawn status | Lost status | Source of classification or shelving scheme | Damaged status | Not for loan | Collection | Home library | Current library | Shelving location | Date acquired | Total Checkouts | Full call number | Barcode | Date last seen | Date last checked out | Copy number | Price effective from | Koha item type |
|---|---|---|---|---|---|---|---|---|---|---|---|---|---|---|---|---|---|
| Dewey Decimal Classification | Khmer Language Books / សៀវភៅភាសាខ្មែរ | Footprints International School Library Network Toul Kork Campus | Footprints International School Library Network Toul Kork Campus | TK Campus, Room B402, Khmer Book Case 16, Shelves 112-123 / ទូរសៀវភៅខ្មែរលេខ ១៦ ធ្នើរ ១១២ ដល់ ១២៣ បន្ទប់ B402 សាខាទួលគោក | 08/09/2023 | 1 | ZEV 591.7 | 2023-0223 | 02/05/2024 | 01/08/2024 | 1 | 08/09/2023 | Books | ||||
| Dewey Decimal Classification | Khmer Language Books / សៀវភៅភាសាខ្មែរ | Footprints International School Library Network Toul Kork Campus | Footprints International School Library Network Toul Kork Campus | TK Campus, Room B402, Khmer Book Case 16, Shelves 112-123 / ទូរសៀវភៅខ្មែរលេខ ១៦ ធ្នើរ ១១២ ដល់ ១២៣ បន្ទប់ B402 សាខាទួលគោក | 08/09/2023 | 2 | ZEV 591.7 | 2023-0224 | 02/14/2025 | 12/04/2024 | 2 | 08/09/2023 | Books |
